NLSUI OPAC header image

Applied econometric time series / (Record no. 40787)

MARC details
000 -LEADER
fixed length control field 00840cam a2200205 i 4500
005 - DATE AND TIME OF LATEST TRANSACTION
control field 20260413133050.0
008 - FIXED-LENGTH DATA ELEMENTS--GENERAL INFORMATION
fixed length control field 140408s2015 nju 001 0 eng
020 ## - INTERNATIONAL STANDARD BOOK NUMBER
International Standard Book Number 9781118808566 (PBK)
082 ## - DEWEY DECIMAL CLASSIFICATION NUMBER
Classification number 330.015 END
100 1# - MAIN ENTRY--PERSONAL NAME
Personal name Enders, Walter
245 10 - TITLE STATEMENT
Title Applied econometric time series /
Statement of responsibility, etc. Walter Enders
250 ## - EDITION STATEMENT
Edition statement 4th ed.
264 #1 - PRODUCTION, PUBLICATION, DISTRIBUTION, MANUFACTURE, AND COPYRIGHT NOTICE
Place of production, publication, distribution, manufacture Hoboken :
Name of producer, publisher, distributor, manufacturer Wiley & Sons,
Date of production, publication, distribution, manufacture, or copyright notice 2015
300 ## - PHYSICAL DESCRIPTION
Extent x, 485 p. ;
Dimensions 24 cm.
365 ## - TRADE PRICE
Price amount Rs. 16093.00
505 ## - FORMATTED CONTENTS NOTE
Formatted contents note Chapter 1: Difference Equations-<br/>Chapter 2: Stationary Time-Series Models-<br/>Chapter 3: Modeling Volatility-<br/>Chapter 4: Models with Trend -<br/>Chapter 5: Multiequation Time-Series Models-<br/>Chapter 6: Cointegration and Error-Correction Models-<br/> Chapter 7: Nonlinear Models and Breaks-<br/> Index.
650 #0 - SUBJECT ADDED ENTRY--TOPICAL TERM
Topical term or geographic name entry element Econometrics.
650 #0 - SUBJECT ADDED ENTRY--TOPICAL TERM
Topical term or geographic name entry element Time-series analysis.
942 ## - ADDED ENTRY ELEMENTS (KOHA)
Source of classification or shelving scheme Dewey Decimal Classification
Koha item type BOOKs
Holdings
Withdrawn status Lost status Damaged status Not for loan Home library Current library Shelving location Date acquired Cost, normal purchase price Total Checkouts Full call number Barcode Date last seen Price effective from Koha item type
        . . General Stacks 30.05.2017 6093.00   330.015 END 34393 30.05.2017 30.05.2017 BOOKs